From Farm to Firm : (Record no. 16551)
[ view plain ]
| 000 -LEADER | |
|---|---|
| fixed length control field | 01636cam a2200325 a 4500 |
| 001 - CONTROL NUMBER | |
| control field | 16681498 |
| 005 - DATE AND TIME OF LATEST TRANSACTION | |
| control field | 20110720074440.0 |
| 008 - FIXED-LENGTH DATA ELEMENTS--GENERAL INFORMATION | |
| fixed length control field | 110307s2011 dcuab b i001 0 eng |
| 010 ## - LIBRARY OF CONGRESS CONTROL NUMBER | |
| LC control number | 2011008873 |
| 020 ## - INTERNATIONAL STANDARD BOOK NUMBER | |
| International Standard Book Number | 9780821386231 (pbk.) |
| 020 ## - INTERNATIONAL STANDARD BOOK NUMBER | |
| International Standard Book Number | 0821386239 (pbk.) |
| 020 ## - INTERNATIONAL STANDARD BOOK NUMBER | |
| International Standard Book Number | 9780821386408 (electronic) |
| 020 ## - INTERNATIONAL STANDARD BOOK NUMBER | |
| International Standard Book Number | 0821386409 (electronic) |
| 040 ## - CATALOGING SOURCE | |
| Original cataloging agency | DLC |
| Transcribing agency | DLC |
| Modifying agency | YDX |
| -- | BTCTA |
| -- | YDXCP |
| -- | BWX |
| -- | DLC |
| 082 00 - DEWEY DECIMAL CLASSIFICATION NUMBER | |
| Classification number | 307.24091724 |
| Edition number | 22 |
| Item number | FRO |
| 245 00 - TITLE STATEMENT | |
| Title | From Farm to Firm : |
| Remainder of title | Rural-Urban Transition in Developing Countries / |
| Statement of responsibility, etc | Nora Dudwick ... [et al.]. |
| 260 ## - PUBLICATION, DISTRIBUTION, ETC. (IMPRINT) | |
| Place of publication, distribution, etc | Washington, D.C. : |
| Name of publisher, distributor, etc | World Bank, |
| Date of publication, distribution, etc | c2011. |
| 300 ## - PHYSICAL DESCRIPTION | |
| Extent | xvi, 235 p. |
| Other physical details | ill., maps ; |
| Dimensions | 23 cm. |
| 490 1# - Series Statement | |
| Series statement | Directions in development, countries and regions |
| -- | 29235 |
| 504 ## - BIBLIOGRAPHY, ETC. NOTE | |
| Bibliography, etc | Includes bibliographical references and index. |
| 650 #0 - SUBJECT ADDED ENTRY--TOPICAL TERM | |
| Topical term or geographic name as entry element | Rural-urban migration |
| Geographic subdivision | Developing countries. |
| 9 (RLIN) | 29236 |
| 653 ## - INDEX TERM--UNCONTROLLED | |
| Resource For college | |
| Arrived date list | March2012 |
| 700 1# - ADDED ENTRY--PERSONAL NAME | |
| Personal name | Dudwick, Nora. |
| 9 (RLIN) | 29237 |
| 942 ## - ADDED ENTRY ELEMENTS (KOHA) | |
| Source of classification or shelving scheme | Dewey Decimal Classification |
| Item type | Book - Borrowing |
| Withdrawn status | Item status | Source of classification or shelving scheme | Damaged status | Not for loan | Vendor | Home library | Current library | Shelving location | Date acquired | Source of acquisition | Total Checkouts | Total Renewals | Full call number | Barcode | Date last seen | Date last borrowed | Koha item type |
|---|---|---|---|---|---|---|---|---|---|---|---|---|---|---|---|---|---|
| Dewey Decimal Classification | Baccah | Central Library | Central Library | First floor | 06/03/2012 | 2 | 1 | 307.24091724 FAR | 000026346 | 15/07/2025 | 16/11/2015 | Book - Borrowing | |||||
| Dewey Decimal Classification | Baccah | Central Library | Central Library | First floor | 06/03/2012 | 4 | 12 | 307.24091724 FAR | 000026347 | 15/07/2025 | 22/11/2023 | Book - Borrowing | |||||
| Dewey Decimal Classification | Baccah | Central Library | Central Library | First floor | 06/03/2012 | 307.24091724 FAR | 000026348 | 15/07/2025 | Book - Borrowing |